La hora de la integración política y soberana de América Latina y el Caribe /
Uloženo v:
| Hlavní autor: | |
|---|---|
| Médium: | Text |
| Tagy: |
Přidat tag
Žádné tagy, Buďte první, kdo vytvoří štítek k tomuto záznamu!
|
MARC
| LEADER | 00000 a a2200000 04500 | ||
|---|---|---|---|
| 001 | 42735 | ||
| 003 | |||
| 040 | |||
| 100 | |a Hidalgo Valdivia, Manuel | ||
| 245 | |a La hora de la integración política y soberana de América Latina y el Caribe / |c Manuel Hidalgo Valdivia | ||
| 773 | |g número150 (2010), páginas 1-9 | ||
| 999 | |c 21719 |d 21719 | ||
